000 01026nam a2200277 i 4500
003 DO-SdBNP
005 20231026130007.0
007 ta
008 231026b2023 dr ac||| |||| 00| 0 spa d
020 _a9789945242966
040 _aDO-SdBNP
_bspa
_cBNPHU
_erda
082 4 _222
100 1 _aMartínez Dominguez, Elizabeth,
_974972
_eautora
245 1 0 _aInicial 4 años :
_bdel Proyecto Quiero, versión cursiva /
_cElizabeth Martínez Dominguez ; corrección, Mirtha González Gutiérrez
264 _aSanto Domingo :
_bsantillana,
_c2023.
300 _a338 páginas :
_bilustraciones, retratos ;
_c21 cm.
336 _2rdacontent
_atexto
_btxt
337 _2rdamedia
_asin mediación
_bn
338 _2rdacarrier
_avolumen
_bnc
490 _aProyecto Quiero
505 0 _av. 1 --
_tLibro de texto --
_gv. 2 --
_tGuía de recursos didácticos--
_gv.3--
_tCuaderno de actividades.
590 _aInventariado, 2018/VM
700 1 _aGonzález Gutiérrez, Elizabeth,
_974973
_ecorrección
910 _aBtavárez
942 _2ddc
_cLBS1
999 _c55298
_d55298